Análisis del síntoma dolor como orientador del diagnóstico / (Record no. 84743)

MARC details
000 -LEADER
campo de control de longitud fija 00637nam a2200181 i 4500
001 - NÚMERO DE CONTROL
campo de control 84743
003 - IDENTIFICADOR DE NÚMERO DE CONTROL
campo de control ES-MaACL
005 - FECHA Y HORA DE LA ÚLTIMA TRANSACCIÓN
campo de control 20230906175106.0
007 - CAMPO FIJO DE DESCRIPCIÓN FÍSICA--INFORMACIÓN GENERAL
campo de control de longitud fija t|
008 - DATOS DE LONGITUD FIJA--INFORMACIÓN GENERAL
campo de control de longitud fija 041123s1968 sp ||||1| spa d
100 1# - ENTRADA PRINCIPAL--NOMBRE DE PERSONA
Nombre de persona Janzen, R.
9 (RLIN) 66074
245 10 - MENCIÓN DEL TÍTULO
Título Análisis del síntoma dolor como orientador del diagnóstico /
Mención de responsabilidad, etc. dirigido por R. Janzen ; con la colaboración de F. Auschütz ... [et al.] ; traducción, José Mª Pla Janini.
260 ## - PUBLICACIÓN, DISTRIBUCIÓN, ETC.
Lugar de publicación, distribución, etc. Barcelona :
Nombre del editor, distribuidor, etc. Labor,
Fecha de publicación, distribución, etc. [1968]
300 ## - DESCRIPCIÓN FÍSICA
Extensión 118 p. :
Otras características físicas il. ;
Dimensiones 19 cm.
700 1# - ENTRADA AGREGADA--NOMBRE PERSONAL
Nombre de persona Auschütz, F.
9 (RLIN) 23942
700 1# - ENTRADA AGREGADA--NOMBRE PERSONAL
Nombre de persona Pla Janini, José María.
9 (RLIN) 92495
852 ## - LOCALIZACIÓN
Ubicación ES-MaACL
Número de control de estantería C-35818
Sublocalización o colección R.68631
Holdings
Estatus retirado Estado de pérdida Estado de daño No para préstamo Biblioteca de origen Biblioteca actual Ubicación en estantería Fecha de adquisición Fuente de adquisición Total de préstamos Signatura topográfica completa Código de barras Visto por última vez Precio de reemplazo Tipo de ítem Koha
        Biblioteca del Ateneo de Madrid Biblioteca del Ateneo de Madrid Depósito 2 17/01/2008     C-35818 1088561 23/02/2023 23/02/2023 Libro impreso